| 000 | 00871nam a22001937a 4500 | ||
|---|---|---|---|
| 008 | 110728s1987 ua|||||r|||| 00| 0 ara d | ||
| 020 | _a9770505293 | ||
| 082 |
_222 _a152.8 _bح ط ب |
||
| 100 |
_916525 _aأبو حطب ، فؤاد عبد اللطيف |
||
| 245 |
_aالتقويم النفسي / _cتأليف فؤاد أبو حطب ، سيد أحمد عثمان، آمال صادق |
||
| 250 |
_aط3، _bمزيدة ومجددة |
||
| 260 |
_aالقاهرة : _bمكتبة الأنجلو المصرية، 1987 _c1987 |
||
| 300 |
_a506 ص ؛ _c22 سم |
||
| 650 |
_916562 _aعلم النفس _xطرق القياس |
||
| 700 |
_926474 _aعثمان ، سيد أحمد |
||
| 700 |
_926475 _aصادق ، آمال |
||
| 942 |
_2ddc _cBB |
||
| 999 |
_c15755 _d15755 |
||